000 00298nam a22001337a 4500
082 _a894.812
_bSUR/M
100 _aSURESH, K
245 _aMALAYALA SAHITHYAM
260 _aTRIVANDRUM
_bSURESH.K
_c2002
300 _a80
520 _aMALAYALAM SAHITHYAM
650 _aMALAYALAM SAHITHYAM
942 _cBK
999 _c5565
_d5565